[Event "Sigeman & Co 07th"]
[Site "Malmo"]
[Date "1999.06.15"]
[Round "7"]
[White "Gelfand, Boris"]
[Black "Hall, Jesper"]
[Result "1-0"]
[WhiteElo "2691"]
[BlackElo "2486"]
[Annotator "Stohl,I"]
[PlyCount "80"]
[EventDate "1999.06.??"]
[EventType "tourn"]
[EventRounds "9"]
[EventCountry "SWE"]
[EventCategory "14"]
[SourceTitle "CBM 072"]
[Source "ChessBase"]
[SourceDate "1999.10.01"]
[SourceVersion "1"]
[SourceVersionDate "1999.10.01"]
[SourceQuality "1"]

1. d4 Nf6 2. c4 e6 3. Nf3 c5 4. d5 exd5 5. cxd5 d6 6. Nc3 g6 7. Nd2 Bg7 8. e4
O-O 9. Be2 Re8 10. O-O Nbd7 11. a4 Ne5 (11... g5 12. Re1 $5 Ne5 13. Nf1 g4 14.
Ng3 $36) 12. Qc2 g5 $5 {[%csl Rf5][%cal Yc3d1,Yd1e3,Yf1e1,Yd2f1,Yf1g3] This
line of the modern Benoni is somewhat untypical. Compared to the variations
with Na6-c7 Black has no realistic chances for << play with b5. On the other
hand he has better central control, emphasized by g5, and it's not easy for
White to play in the [+] with f4. White therefore shifts his attention to ><f5,
(e.g.Nd1-e3,Re1,Nf1-g3) but this costs quite a lot of time.} (12... Nh5 13.
Bxh5 gxh5 14. Nd1 $1 $36) 13. Ra3 {The most usual move, but certainly not the
only playable attempt.} ({Interesting is} 13. Re1 $5 g4 14. Nf1 Nh5 15. Ng3
Nxg3 16. hxg3 h5 17. Bf4 Ng6 18. Bb5 Rf8 19. Qd2 Nxf4 20. gxf4 a6 21. Bd3 g3
22. e5 Re8 23. Ne4 gxf2+ 24. Qxf2 dxe5 25. f5 Qxd5 {Friedgood,D-Povah,N/London/
1979/} 26. f6 $1 Qxd3 27. Rad1 $40) (13. Rb1 b6 (13... Ng6 $5) (13... g4 $5)
14. b3 a6 $6 15. Nc4 Nfg4 16. Bd2 Nxc4 17. bxc4 Be5 18. Bxg4 Bxg4 19. Rb3 h6
20. Rfb1 Rb8 21. a5 $16 {Syre,C-Petrik,K/Zinnowitz/1974/}) (13. b3 $5 g4 14.
Bb2 Nh5 15. g3 f5 16. exf5 Qg5 17. Nce4 Qxf5 18. f4 gxf3 19. Bxf3 Qg6 20. Bxh5
Qxh5 21. Nxd6 Bh3 22. Nxe8 Rxe8 23. d6 Rd8 24. Ne4 Bxf1 25. Bxe5 Bxe5 26. Rxf1
$18 {Garcia,G-Browne,W/Las Palmas/1974/}) (13. Nd1 $5 Ng6 (13... g4 14. Bb5 Rf8
15. Re1 Nh5 16. Ne3 Nf4 17. Rb1 a6 18. Bf1 Qa5 19. Nec4 Qb4 20. Re3 b5 21. Rb3
Qxa4 22. Nb6 Qa5 23. Nxa8 Bb7 24. Nc4 Nxc4 25. Bxf4 Ne5 26. Rg3 $16 {Dlugy,
M-Findlay,I/Toronto/1989/}) 14. Ne3 Kh8 15. Rb1 Nf4 16. Bb5 Rg8 17. b4 a6 18.
Bd3 cxb4 19. Rxb4 Nd7 20. Bb2 Ne5 21. Bxe5 Bxe5 22. Ndc4 f6 23. Rc1 $36 {
Littke,A-Ardaman,M/Philadelphia/1992/}) ({Too soft seems} 13. Nc4 Nxc4 14. Bxc4
Ng4 15. Ne2 Ne5 16. Bb5 (16. Ng3 g4 17. Kh1 a6 18. Be2 Qh4 19. Ra3 Rb8 20. a5
Bd7 21. Qd2 c4 22. Qb4 Bf8 23. Be3 Qf6 24. Ba7 Rbd8 25. Bd4 Rb8 26. Bxc4 Qg6
27. Be2 h5 $44 {Flear,G-Nunn,J/Brighton/1980/}) 16... Rf8 17. Ng3 g4 18. Bf4
Ng6 19. Bd2 a6 20. Be2 Re8 21. f4 gxf3 22. Bxf3 Bd4+ 23. Kh1 $13 {Goehring,
K-Holm,S/FRG-chT/1980/}) 13... Qe7 (13... a6 14. Nd1 $5 (14. Re1 Bd7 15. a5 h6
16. b3 Rc8 17. Bb2 g4 18. Nd1 Nh5 19. Ne3 Nf4 20. Bxe5 Nxe2+ 21. Rxe2 Bxe5 22.
Ndc4 {Hansen,C-Nielsen,P/Esbjerg/1997/} Qh4 $5 $132) 14... Rb8 15. a5 Ng6 16.
Ne3 Nf4 17. Bd1 h5 18. Nec4 h4 19. Rb3 Qe7 20. Rb6 Nxe4 21. Qxe4 Qxe4 22. Nxe4
Rxe4 23. Nxd6 Re5 24. Bxf4 gxf4 25. Bf3 $16 {Portisch,L-Suba,M/Tunis izt/1985/}
) (13... Ng6 14. Nc4 Nf4 (14... Ng4 15. Bxg4 Bxg4 16. Nb5 Be5 17. Nxe5 Rxe5 18.
Rg3 f5 19. f4 gxf4 20. Bxf4 Nxf4 21. Rxf4 $40 {Mambrini,A-Guido,F/Montecatini
Terme/1994/}) 15. Bf3 Qe7 16. Bxf4 gxf4 17. Qd2 Bh6 18. Nb5 Rd8 19. Re1 Ng4 20.
Bxg4 Bxg4 21. e5 dxe5 22. Nxe5 Qg5 23. Nxg4 (23. d6 $5 $40) 23... Qxg4 24. Rf3
a6 25. Nc3 Rd6 $132 {Rajkovic,D-Hulak,K/Budva zt/1981/}) ({Not often played,
but possibly not so bad is} 13... Nfg4 $5 14. Nd1 Rf8 ({A model of White's
strategy is} 14... Ng6 $6 15. Bxg4 Bxg4 16. Ne3 Bd7 17. Ndc4 Qe7 18. f3 h5 19.
Bd2 g4 20. fxg4 hxg4 21. Bc3 Bxc3 22. Rxc3 Ne5 23. Qf2 Nxc4 24. Nxc4 f6 25. Rg3
$16 {Portisch,L-Winants,L/Brussels/1988/}) 15. f3 Nh6 16. Ne3 f5 17. Ndc4 f4
18. Nxe5 Bxe5 19. Nc4 Bd4+ 20. Kh1 Nf7 21. Bd2 Ne5 $13 {Wessman,R-Meric,T/
EUChJ Arnhem/1987/}) (13... g4 14. Nc4 Nxc4 (14... Nh5 15. Nxe5 Bxe5 16. g3 Qf6
17. Nb5 Qe7 18. f4 gxf3 19. Raxf3 f6 20. R3f2 Ng7 21. Bf4 Bh3 22. Bxe5 Qxe5 23.
Rd1 Qxe4 24. Bd3 Qb4 25. Bxh7+ Kh8 26. Nc3 $40 {Quiroga,F-Andres,M/Pico City/
1996/}) 15. Bxc4 Nh5 16. g3 Be5 17. Nd1 Ng7 18. Ne3 Qf6 19. Bd3 Qg6 20. Bd2 Rb8
21. Bc3 Qh6 22. Nc4 Bxc3 23. bxc3 b6 24. Raa1 Ba6 25. Nd2 Bxd3 26. Qxd3 Re7 27.
f3 gxf3 28. Rxf3 $16 {Lukacs,P-Kovacevic,V/Vrnjacka Banja/1988/}) (13... Kh8 $5
14. Nc4 Nfg4 15. Nxe5 Nxe5 16. f4 gxf4 17. Bxf4 a6 18. Qd2 (18. Nd1 $5 $13)
18... Bf6 19. Kh1 Rb8 20. h3 Ng6 21. Bh6 Rg8 22. Nd1 Ne5 23. Nf2 Bd7 24. Bf4
Qe7 $15 {Timoshchenko,G-Lobron,E/Moscow GMA/1989/}) 14. a5 $5 $146 {[%mdl 8]
This novelty is an improvement on the often played} (14. Re1 Nfg4 $1 (14... Ng6
15. Nf1 Nf4 16. Ng3 Ng4 17. Nd1 Bd4 18. Bxg4 Bxg4 19. Ne3 Bxe3 20. Raxe3 f6 21.
b3 Qf7 22. h3 Bh5 23. Nf5 Qd7 24. Qc3 Re5 25. Qc4 Rf8 26. Bb2 $40 {Kindermann,
S-Danner,G/Budapest/1985/}) (14... a6 15. a5 Rb8 16. Nf1 h6 17. Ng3 Ng6 18. Na4
Nh4 19. Bd2 Bd7 20. Nb6 Bb5 21. Bc3 Rbd8 22. Rb3 Bxe2 23. Rxe2 Ng4 24. Bxg7
Kxg7 25. Nc4 $14 {Van der Sterren,P-Maiwald,J/BL 9697/1997/}) 15. Nf1 Ng6 16.
Qd1 (16. Ne3 Nxe3 17. Bxe3 Rf8 18. Qd2 h6 19. Bf1 Ne5 20. f3 f5 21. exf5 Bxf5
22. Bf2 Qf6 23. Ne4 Qg6 24. b4 b6 25. Bg3 g4 $36 {Georgiev,K-Lalev,D/Sofia/
1982/}) (16. Ng3 $142 $5 $14) 16... Nh6 17. Ng3 a6 18. Be3 f5 19. exf5 Nxf5 20.
Nxf5 Bxf5 21. Qd2 h6 22. Raa1 Qf6 23. Bd3 Ne5 24. Be2 Qg6 25. f3 g4 26. fxg4
Bxg4 27. Kh1 Bxe2 28. Qxe2 Nd3 $17 {Najdorf,M-Timman,J/Bugojno/1982/}) 14... h6
$6 {Too passive.} (14... Nfg4 $142 15. Nd1 $5 (15. h3 Nh6 {/\f5<=>}) 15... Rf8
$13) 15. Nd1 (15. Bb5 Rf8 16. Nd1 {leads to the game position 2 moves earlier.}
) 15... Bd7 16. Nc3 $5 {/\Bb5 White retracts his previous move.} (16. Ne3 b5
17. axb6 axb6 $13) 16... Rf8 {[%csl Rf5] Allowing the exchange of B would
favour White. (><f5)} 17. Bb5 Bc8 (17... Bxb5 18. Nxb5 a6 19. Nc3 $36) 18. Nd1
Nh5 (18... Nfg4 19. h3 {now already makes little sense, as Black doesn't have
Nh6/\f5.}) 19. Ne3 a6 20. Be2 Nf4 21. Bd1 $14 {[%csl Rb6,Rf5][%cal Yd2c4,Yg2g3,
Yf2f4,Yf1e1,Yd2f1,Yf1g3] ><f5,b6,/\Re1,Nf1-g3,g3,f4 etc. White has cleverly
quenched Black's temporary activity and now intends to start his own play.} f5
$6 {This fails tactically.} (21... Bd7 $142 22. Ndc4 (22. g3 Nh3+ 23. Kg2 g4
24. f4 gxf3+ 25. Nxf3 Nxf3 26. Bxf3 Ng5 $11) 22... Nxc4 23. Nxc4 Bb5 $14) 22.
exf5 Qf7 23. Ne4 (23. g4 $5 Nxd5 24. Ne4 $16) 23... Rd8 (23... Bxf5 $142 24.
Nxf5 Qxf5 25. Bxf4 (25. Nxd6 Qxc2 26. Bxc2 Ne2+ 27. Kh1 Nxc1 28. Rxc1 Ng4 $36)
25... Qxf4 26. Nxd6 $16) 24. g4 $40 Nxd5 $8 {Otherwise the whole operation
doesn't make sense.} 25. Nxd5 Qxd5 26. h4 $1 b5 (26... gxh4 27. Bxh6 $16 {
[%csl Rg8] /+-,->ע}) 27. hxg5 hxg5 28. Bxg5 Bb7 29. Bxd8 Rxd8 (29... Qxe4 30.
Qxe4 Bxe4 31. Be7 Nc4 32. Rh3 Bxb2 33. Bb3 $18) 30. Re3 Nc4 31. Ree1 Qd4 (31...
Nxb2 32. Bf3 Qd4 33. g5 $18) 32. b3 Ne5 (32... Nxa5 33. Ng5 $18) 33. Qd2 Nd3 (
33... Qxd2 34. Nxd2 Nc6 35. Re3 $18 {[%csl Gf5,Gg4] o^f,g is simply hopeless,
but now White's Q joins the attack.}) 34. Qg5 Rd7 35. Bf3 $1 $18 {The safest,
by returning some material White's attack breaks through.} (35. Nxc5 Nf4 $5
$132 {leads to needless complications.}) 35... Nxe1 36. Rxe1 Bxe4 (36... d5 37.
Nxc5 $1 Qxc5 38. Re8+ $18) (36... Qe5 37. Qg6 {/\f6,Nf6!} Rf7 38. Qxf7+ Kxf7
39. Ng5+ Kf6 40. Nh7+ Kf7 41. Rxe5 Bxf3 42. Re6 Bxg4 43. Ng5+ $18) 37. Rxe4
Qa1+ 38. Kg2 Qf6 39. Qh5 (39. Re8+ Kh7 40. Qh5+ Qh6 41. g5 $18) 39... Rd8 40.
Re6 Qf7 $138 (40... Qf7 41. Qg5 Rd7 42. Bd5 $18 (42. f6 Qxe6 43. Bd5 $18)) 1-0

[Event "Interzonal-13a"]
[Site "Tunis"]
[Date "1985.05.19"]
[Round "17"]
[White "Portisch, Lajos"]
[Black "Suba, Mihai"]
[Result "1-0"]
[WhiteElo "2635"]
[BlackElo "2465"]
[Annotator "Stohl,I"]
[PlyCount "59"]
[EventDate "1985.04.27"]
[EventType "tourn"]
[EventRounds "17"]
[EventCountry "TUN"]
[EventCategory "11"]
[SourceTitle "IZT"]
[Source "ChessBase"]
[SourceDate "1999.07.01"]
[SourceVersion "1"]
[SourceVersionDate "1999.07.01"]
[SourceQuality "1"]

1. d4 Nf6 2. c4 e6 3. Nf3 c5 4. d5 exd5 5. cxd5 d6 6. Nc3 g6 7. Nd2 Nbd7 8. e4
Bg7 9. Be2 O-O 10. O-O Re8 11. a4 g5 12. Qc2 Ne5 13. Ra3 a6 14. Nd1 $5 Rb8 (
14... b6 15. Ne3 Rb8 16. Re1 Ng6 17. f3 b5 18. axb5 axb5 19. b3 Qb6 20. Ndf1
Nh5 $13 {Andruet,G-Renet,O/Marseille/1988/}) 15. a5 $1 $14 Ng6 16. Ne3 Nf4 17.
Bd1 h5 (17... Bd7 $142 18. Nec4 Bb5 $14) 18. Nec4 h4 19. Rb3 Qe7 20. Rb6 $1
Nxe4 (20... Rd8 21. b4 cxb4 22. Bb2 $36) 21. Qxe4 Qxe4 22. Nxe4 Rxe4 23. Nxd6
Re5 24. Bxf4 gxf4 25. Bf3 $16 {ק} Bf5 (25... Bf8 $5 26. Nxc8 Rxc8 27. Rxb7 $16
) 26. Rxb7 Rxb7 27. Nxb7 c4 28. h3 Bf8 29. Rd1 Bd7 30. Rd4 $138 1-0

[Event "Rovno"]
[Site "Rovno"]
[Date "2000.??.??"]
[Round "12"]
[White "Rakhmangulov, Andrei"]
[Black "Smetankin, Stanislav"]
[Result "0-1"]
[WhiteElo "2435"]
[BlackElo "2401"]
[Annotator "Stohl,I"]
[PlyCount "46"]
[EventDate "2000.01.20"]
[EventType "tourn"]
[EventRounds "15"]
[EventCountry "UKR"]
[EventCategory "8"]
[SourceTitle "CBM 076"]
[Source "ChessBase"]
[SourceDate "2000.05.31"]
[SourceVersion "1"]
[SourceVersionDate "2000.05.31"]
[SourceQuality "1"]

1. d4 Nf6 2. Nf3 c5 3. d5 e6 4. c4 exd5 5. cxd5 g6 6. Nc3 d6 7. e4 Bg7 8. Be2
O-O 9. O-O Re8 10. Nd2 a6 11. a4 Nbd7 12. Qc2 (12. f4 $142 $1 $36 {With the
interpolated moves a4 and a6 this position is advantageous for White.}) 12...
Ne5 (12... Rb8 13. Ra3 Qe7 14. h3 h6 15. a5 g5 16. Nc4 $6 Ne5 17. Nxe5 Qxe5 18.
f4 Qd4+ 19. Kh2 b5 20. axb6 Rxb6 21. e5 dxe5 22. fxg5 hxg5 23. Bxg5 e4 24. Na4
Rd6 25. Rg3 Nxd5 26. Bh5 Rf8 27. Nc3 $13 {Khalifman,A-Akopian,V/FIDE-WCh/1999/}
) 13. f4 $2 {[%mdl 8192] One move later this is a serious tactical blunder,
which allows Black a sacrificial attack. White grossly underestimates Black's
combinational potential.} (13. Re1 g5 14. Nf1 h6 15. Ng3 Ng6 16. Nd1 Qe7 17. f3
Nh4 18. Ne3 Kh8 19. Bd2 Bd7 20. a5 g4 21. Bc3 gxf3 22. gxf3 Rg8 23. Ng2 Nh7 24.
f4 Nxg2 25. Kxg2 Qh4 26. Qd2 f5 27. exf5 Bxf5 28. Kh1 Raf8 $132 {Zaja,I-Zelcic,
R/Pula/1997/}) (13. Ra3 $142 Rb8 14. a5 Qe7 (14... g5 15. Nd1 Ng6 16. Ne3 Qe7
17. f3 Rf8 18. Ndc4 Ne8 19. Kh1 Bd4 20. Rb3 Ng7 21. Rb6 Rd8 22. Bd1 h6 23. Bd2
Qf8 24. Qb3 Ra8 25. Bc3 $16 {Miles,A-Kovacevic,S/Mendrisio/1985/}) 15. Re1 Nh5
16. Bxh5 gxh5 17. Na4 f5 18. Nb6 f4 19. Nxc8 Rbxc8 20. Nc4 Rf8 21. Nxe5 Bxe5
22. Qe2 Qg5 23. Kh1 $13 {Krizsany,L-Parkanyi,A/Pecs/1998/}) 13... Neg4 14. Nc4
Nxe4 $1 {[%mdl 640]} 15. Nxe4 (15. Bxg4 Nxc3 16. Bf3 (16. Bxc8 Ne2+ $19) 16...
Bf5 17. Qb3 Bd4+ 18. Be3 Bxe3+ 19. Nxe3 Rxe3 20. bxc3 Qe7 21. a5 Re8 22. Qb2
Bd3 23. Rfc1 Be2 24. Bxe2 Rxe2 25. Qb1 Qe3+ $19 {Weiss Nowak,C-Lindemann,S/
BL-2N/1983/}) 15... Bd4+ 16. Nf2 (16. Kh1 $143 Nxh2 $1 17. Rd1 (17. g3 Nxf1 18.
Bxf1 Bf5 19. Ncd2 Qe7 20. Bd3 Qf8 $1 21. Nf3 Qh6+ 22. Nh2 c4 {0-1,Kahn,
E-Parkanyi,A/Budapest/2000/}) (17. Kxh2 $4 Qh4#) (17. f5 Nxf1 18. Bg5 Ng3+ $1
19. Kh2 f6 $19) 17... Qh4 (17... Ng4 18. Bxg4 (18. g3 Rxe4 19. Bxg4 Bxg4 20.
Qxe4 Bxd1 $19) 18... Qh4+ 19. Bh3 Rxe4 $5 (19... Bxh3 20. g3 Qh5 21. Rxd4 Bf5+
22. Kg1 cxd4 23. Nf6+ $13) 20. Qxe4 Bxh3 21. Rxd4 Bf5+ 22. Kg1 Bxe4 23. Rxe4
$13) 18. g3 $8 Qh3 19. Ng5 Qxg3 $19 {->}) 16... Bf5 17. Qd2 Rxe2 $1 18. Qxe2
Qh4 19. h3 Nxf2 20. Rxf2 (20. Be3 $142 $8 Nxh3+ 21. gxh3 Qg3+ 22. Qg2 Bxe3+ 23.
Nxe3 (23. Kh1 $2 Be4 $1 24. Qxe4 Qxh3#) 23... Qxe3+ 24. Kh2 {Scheipl,R-Hantke,
R/Hoechst/1955/} Be4 25. Qf2 Qb3 $17 {/-+}) 20... Bd3 $1 $19 {Overloading
White's defences. Black now wins all the material back.} 21. Qe1 (21. Qxd3
Qxf2+ 22. Kh2 Qg1+ 23. Kg3 Qe1+ 24. Kh2 (24. Kf3 Qf2+ 25. Kg4 f5+ $19) 24...
Bg1+ 25. Kh1 Bf2+ 26. Kh2 Qg1#) 21... Bxc4 (21... Qxf2+ $6 22. Qxf2 Bxf2+ 23.
Kxf2 Bxc4 24. Be3 $17) 22. Be3 (22. Bd2 Bxd5 $19) 22... Re8 23. Ra3 $6 (23. Rf3
Qe7 24. Kf2 (24. Ra3 Bxb2 $19) 24... Qf6 $1 {/\Re3-+} (24... Bxd5 25. Bxd4 Bxf3
(25... Qh4+ 26. g3 Rxe1 27. Rxe1 Qd8 28. Rfe3 $17) 26. Qxe7 Rxe7 27. Bxc5 dxc5
28. Kxf3 Rd7 $17) 25. Kg3 Bxb2 $19 {->}) 23... Qg3 (23... Qg3 24. Re2 Qxe1+ 25.
Rxe1 Bxb2 $19 {wins a whole R.}) 0-1

[Event "Frankfurt"]
[Site "Frankfurt"]
[Date "1990.??.??"]
[Round "?"]
[White "Alber, Horst"]
[Black "Werner, Dimo"]
[Result "1-0"]
[WhiteElo "2340"]
[BlackElo "2350"]
[Annotator "Wahls,M"]
[PlyCount "73"]
[EventDate "1990.??.??"]
[EventType "tourn"]
[EventRounds "13"]
[EventCountry "GER"]
[EventCategory "7"]
[SourceTitle "CBM 020"]
[Source "ChessBase"]
[SourceDate "1991.02.01"]
[SourceVersion "1"]
[SourceVersionDate "1991.02.01"]
[SourceQuality "1"]

1. d4 {Übrigens: mit Weiß spielt der Wegbereiter der gefürchteten Ampel(1.
Sf3, 2.Tg1, 3.g4). Benutzung auf eigene Gefahr.} Nf6 2. c4 e6 3. Nf3 c5 4. d5
exd5 5. cxd5 d6 6. Nc3 a6 7. a4 g6 8. e4 Bg7 9. Be2 O-O 10. Nd2 Re8 11. O-O
Nbd7 12. Qc2 Nh5 13. Bxh5 gxh5 14. Nc4 Ne5 15. Nxe5 Bxe5 16. Ne2 f5 17. f4 Bh8
18. e5 dxe5 19. Qxc5 exf4 20. Nxf4 Re4 21. Kh1 Bd4 22. Qa3 b6 23. Bd2 Be5 24.
Qg3+ Kf7 25. Qf3 Qh4 26. Nh3 Kg8 27. Rae1 Bb7 28. Qxf5 Bxd5 29. Rxe4 Qxe4 30.
Qxe4 Bxe4 31. Re1 Rd8 32. Rxe4 Bxb2 33. Be1 Rd1 34. Kg1 Bc3 35. Kf2 Bxe1+ 36.
Rxe1 Rd4 37. Re6 1-0

[Event "Prague op-A 09th"]
[Site "Prague"]
[Date "2010.01.13"]
[Round "7"]
[White "Zakhartsov, Viacheslav V"]
[Black "Kanovsky, David"]
[Result "1-0"]
[WhiteElo "2562"]
[BlackElo "2471"]
[Annotator "Zakhartsov,Vi"]
[PlyCount "93"]
[EventDate "2010.01.08"]
[EventType "swiss"]
[EventRounds "9"]
[EventCountry "CZE"]
[SourceTitle "CBM 134 Extra"]
[Source "ChessBase"]
[SourceDate "2010.03.03"]
[SourceVersion "1"]
[SourceVersionDate "2010.03.03"]
[SourceQuality "1"]

1. d4 Nf6 2. c4 c5 3. d5 e6 4. Nc3 exd5 5. cxd5 d6 6. Nf3 g6 7. Nd2 Bg7 8. e4
O-O 9. Be2 Re8 10. O-O Nbd7 11. a4 Ne5 12. Qc2 Bd7 (12... g5 {is the most
common.}) 13. Ra3 (13. f4 $2 {is too early:} Neg4 14. Nc4 Qe7 15. h3 (15. e5
dxe5 16. h3 exf4 17. hxg4 Nxg4 $19) 15... Nxe4 16. Nxe4 Qxe4 17. Qxe4 Rxe4 18.
Bxg4 Bxg4 19. Nxd6 Bd4+ 20. Kh2 Be2 21. Re1 Re7 {, and Black is better.}) 13...
g5 14. Re1 (14. Nd1 {was a more active continuation:} g4 15. Ne3 Nh5 16. f4
gxf3 17. Nxf3) 14... g4 15. Nf1 Nh5 16. Nd1 Qf6 17. Bb5 {In order to weaken
the f5-square, White wants to exchange bishops. On the other hand, the
d3-square in White's camp becomes weak too.} Bxb5 18. axb5 a6 (18... c4 $1 {
was very strong:} 19. Re2 Qg6 20. Ng3 Nxg3 21. hxg3 Nd3 22. Ra4 (22. Qxc4 Nxf2
$1 23. Rxf2 Rac8 24. Qd3 Rxc1 {, and Black is fine}) 22... Nxc1 23. Qxc1 Rxe4
24. Rxe4 Qxe4 25. Rxc4 Qxd5 26. Rc8+ Rxc8 27. Qxc8+ Bf8 28. Qxg4+ Kh8 29. Qe2
Kg8 {with roughly equal chances.}) 19. bxa6 Rxa6 20. Rxa6 bxa6 21. Ng3 Nxg3 22.
hxg3 c4 23. Re2 Nd3 {!?} 24. Qxc4 (24. Qa4 $1 {was a very strong intermediate
move:} Rb8 (24... Kf8 25. Qxc4 Qd4 26. Qxd4 Bxd4 27. Bh6+ Kg8 28. Rd2 {, and
White remains a pawn up}) 25. Be3 Qd8 (25... Nxb2 $4 26. Rxb2 Rxb2 27. Nxb2
Qxb2 28. Qe8+ Bf8 29. Bh6) 26. Qxc4 Nxb2 27. Nxb2 Bxb2 28. Rc2 $1 Be5 (28... a5
29. Qe2 {, winning the g4-pawn}) 29. Qxa6 {with a pawn up. However, this
advantage is hard to convert into a full point.}) 24... Qd4 25. Qxd4 (25. Qc6
Nxc1 26. Qxc1 (26. Qxe8+ $2 {is losing:} Bf8 27. Re1 Qd2 28. Kf1 (28. Rf1 Ne2+
29. Kh2 Qh6#) 28... Nd3) 26... Rxe4 27. Ne3 {with slightly better chances for
White due to the weakening position of Black's king.}) 25... Bxd4 26. Bf4 Nxf4
27. gxf4 f5 28. Kh2 Rxe4 (28... Kf7 29. f3 gxf3 30. gxf3 Kf6 {, and it is hard
to improve White's position.}) 29. Rxe4 fxe4 30. Kg3 h5 31. Kh4 (31. f5 {
gave nothing to White, despite his extra pawn:} Kg7 32. Kf4 Kf6 33. Kxe4 Bc5
34. Kf4 Bb4 35. Ne3 Bd2 36. g3 Bc1 37. b3 a5 38. Ke4 Bxe3 {!?} 39. fxe3 (39.
Kxe3 Kxf5 40. Kd4 Kg5 41. Kc4 h4 42. gxh4+ Kxh4 43. Kb5 Kh3 44. Kc6 Kg2 45.
Kxd6 Kxf2 46. Kc6 g3 47. d6 g2 48. d7 g1=Q 49. d8=Q Qc1+ 50. Kb5 Qc3 {is a draw
}) 39... Kg5 40. Kd4 Kxf5 41. e4+ Kf6 42. Ke3 Kg5 43. Ke2 Kf6 {with a draw.})
31... Kf7 {Incredibly, just this move turned out to be the decisive mistake.
In any case an ending "3 pawns versus bishop" comes out, and} (31... Kg7 $1 {
gave a draw to Black:} 32. Kxh5 g3 33. fxg3 e3 34. Nxe3 Bxe3 35. Kg5 a5 36. b3
Bf2 37. g4 Bg3 38. Kf5 Kh6 $1 39. g5+ Kh5 $1 40. Ke4 (40. g6 Kh6 41. Kf6 Bxf4)
40... Bh2 41. Kf3 Bg1 42. g4+ Kg6 43. Ke4 Bf2) 32. Kxh5 g3 33. fxg3 e3 34. Nxe3
Bxe3 35. Kg5 a5 36. b3 Bd4 (36... Kg7 {is too late:} 37. Kf5 Bf2 (37... Kh6 38.
Ke6 Bc5 39. f5 Kg7 40. Ke7 {, winning}) 38. g4 Kh6 39. Kf6 Bg3 40. g5+ Kh5 41.
g6 Bxf4 42. g7 Be5+ 43. Kf7 Bxg7 44. Kxg7 Kg5 45. Kf7 Kf5 46. g4+ Ke5 47. g5)
37. Kf5 Be3 38. g4 Bd2 39. g5 Kg7 40. Kg4 Kf7 41. f5 Kg7 42. Kh5 Bc1 43. g4 Bd2
44. g6 Kf6 45. g5+ Kg7 (45... Bxg5 46. g7 Kxg7 47. Kxg5 Kf7 48. f6 {, also
winning.}) 46. f6+ Kg8 47. Kh6 1-0